El nombre es lo de menos /

שמור ב:
מידע ביבליוגרפי
מחבר ראשי: Valdés, Carlos (autor)
פורמט: ספר
שפה:ספרדית
יצא לאור: México : Fondo de Cultura Económica : Secretaría de Educación Pública, 1985, c1961
סדרה:(Lecturas Mexicanas. Primera Serie ; 76)
נושאים:
תגים: הוספת תג
אין תגיות, היה/י הראשונ/ה לתייג את הרשומה!

MARC

LEADER 00000nam^a2200000^a^4500
001 000014179
005 20250521000000.0
009 20260310083931.742
020 |a 968-16-1867-X 
037 |a Acervo ITESO - Biblioteca 
041 |a ESP 
082 |a 868.  |b LEC S. 1 V. 76 
100 |a Valdés, Carlos  |e (autor) 
245 1 3 |a El nombre es lo de menos /  |c C. Valdés. 
264 4 |a México :  |b Fondo de Cultura Económica :  |b Secretaría de Educación Pública,  |c 1985, c1961 
300 |a 115 p. 
336 |a texto  |b txt  |2 rdacontenido 
337 |a sin mediación  |b n  |2 rdamedio 
338 |a volumen  |b nc  |2 rdasoporte 
440 1 |a (Lecturas Mexicanas.  |p Primera Serie ;  |v 76) 
649 |a XX 
650 |a Cuentos Jaliscienses 
650 |a Cuentos Mexicanos 
650 |a Literatura Jalisciense -  |y Siglo XX 
650 |a Literatura Mexicana -  |y Siglo XX 
910 |a Fondo General 
920 |a Impresos - Libros 
930 |a Colección General 
940 |a Literatura 
905 |a 101 
901 |a 0141790100  |b IT1  |c LIT  |i 014179  |u 20250521 
901 |a 0500001749  |b IT1  |c LIT  |u 20250521 
902 |a https://opac.biblio.iteso.mx/vufind/Record/000014179